| 000 | 00834nam a2200217 a 4500 | ||
|---|---|---|---|
| 001 | BRCA_179 | ||
| 005 | 20190320202917.0 | ||
| 008 | 981215s1997 mx-a---##b---#000-0#spa-# | ||
| 040 |
_aDLC _cDLC _dDLC |
||
| 050 | 4 |
_aNE544.3 _b.C75 1997 |
|
| 245 | 1 | 0 |
_aCrónica de México _bestampas mexicanas del siglo XIX. |
| 260 |
_aPuebla, México _bMuseo Amparo _c1997 |
||
| 300 |
_a67 p. _bil. (algunas a color) _c24 cm. |
||
| 500 | _aCatálogo de la exposición realizada en el Museo Amparo (Puebla, México) julio-octubre 1997 | ||
| 504 | _aBibliografía: p. 67 | ||
| 610 | 2 | 4 |
_aBanco de México (1925- ) _vExposiciones _xColecciones de arte _9658 |
| 650 | 1 | 4 |
_aGrabado mexicano _vExposiciones _ySiglo XIX _9659 |
| 650 | 1 | 4 |
_aGrabado _vExposiciones _xColecciones privadas _zMéxico _9660 |
| 651 | 4 |
_aMéxico _vHistoria _ySiglo XIX _9661 |
|
| 942 |
_2lcc _cB |
||
| 999 |
_c150 _d150 |
||